Normal view
MARC view
- Weitz, D. Eric
Entry Personal Name
001 - CONTROL NUMBER
- control field: 133435
003 - CONTROL NUMBER IDENTIFIER
- control field: NUST
005 - DATE AND TIME OF LATEST TRANSACTION
- control field: 20260224125829.0
008 - FIXED-LENGTH DATA ELEMENTS
- fixed length control field: 260224|| aca||aabn | a|a d
040 ## - CATALOGING SOURCE
- Original cataloging agency: NUST
- Transcribing agency: NUST
100 ## - HEADING--PERSONAL NAME
- Personal name: Weitz, D. Eric
670 ## - SOURCE DATA FOUND
- Source citation: Work cat.: (NUST): Weitz, D. Eric., Popular Communism : Popular Strategies and Social Histories in the Formation of the German, French, and Italian Communist Parties, 1919-1948 /, 1992.
